| 000 | 01417cad a22002295a 4500 | ||
|---|---|---|---|
| 001 | E147564 | ||
| 008 | 090526s2009 xxk f f000 0 eng d | ||
| 035 | _a(Sirsi) u147564 | ||
| 041 | 0 | _aeng | |
| 050 | 0 | 4 | _a346.42078 $2 18 |
| 110 | 2 |
_aUnited Kingdom _bHouse of Commons _bBusiness and Enterprise Committee _95607 |
|
| 245 | 0 | 4 |
_aThe insolvency service _bsixth report of session 2008-09 _h[electronic resource] |
| 260 |
_aLondon _bTSO _c2009 |
||
| 505 | 2 | _aSummary -- Introduction -- The Insolvency Service -- Confidence in the insolvency regime: pre-pack administrations; insolvency practitioners fees -- Funding arrangements: redundancy payments; investigation and enforcement; future funding -- Regulation -- Conclusion: conclusions and recommendations -- Appendix: funding arrangements -- Formal Minutes -- Witnesses -- List of written evidence -- List of Reports from the Committee during the current Parliament | |
| 520 | _aExamines the efficiency and effectiveness of The Insolvency Service, particularly in relation to pre-pack administrations, insolvency practitioners' fees, and funding of the Service. | ||
| 521 | _aAdvanced | ||
| 590 | _aKA | ||
| 651 | 4 |
_aUnited Kingdom _y |
|
| 690 | _aMANAGEMENT-CORPORATE RECOVERY | ||
| 856 | 4 | 0 |
_uhttps://www.publications.parliament.uk/pa/cm200809/cmselect/cmberr/198/198.pdf _zView the item (pdf) free of charge at www.publications.parliament.uk... |
| 942 | _n0 | ||
| 999 |
_c109625 _d109625 |
||